| 000 | 00724nam a22002177a 4500 | ||
|---|---|---|---|
| 999 |
_c1686 _d1686 |
||
| 003 | AR-CdUCM | ||
| 008 | 190227b ||||| |||| 00| 0 esp d | ||
| 020 | _aISBN | ||
| 040 |
_aMUNICIPALIDAD PROVINCIAL DEL CUSCO _cBIBLIOTECA MUNICIPAL DEL CUSCO |
||
| 082 |
_a869.56 / _bC43 |
||
| 245 |
_aVientos del pueblo : _bpoesía y cuento 2. / |
||
| 260 |
_aLima : _bCIED, Centro de Información, Estudios y Documentación, _c1983. |
||
| 300 |
_a131 paginas ; _c19 cm |
||
| 505 | _aBases del concurso -- Poesía -- Cuento -- Mensiones honrosas ... | ||
| 650 |
_aJurado. _96247 |
||
| 650 |
_aVigilias. _96248 |
||
| 650 |
_aLuchas. _96249 |
||
| 650 |
_aPoesías peruanas. _91481 |
||
| 942 |
_2ddc _cLIBROS |
||
| 945 |
_aacrt _d2019-02-27 |
||